00617nam a2200169Ia 4500001000900000003000500009008004100014010001100055040000900066100001800075245021300093260003400306300001000340650001400350650002100364710006200385Para_251CHAP220125s1984 xx 000 0 und d a199009 cCHAP aMihn, John A. aTécnicas eficientes para la crianza masiva e infestación de insectos, en la selección de plantas hospedanes para resistencia a los taladradores del tallo del maíz :b Diatrea sp. /c por John A. Mihn aEl Batán, Méx. :b CIMMYT a23 p. aDiatraea  aMaíz x plagas aI. Centro Internacional de Mejoramiento de Maíz y Trigo